Hodnocení příbřežních biotopů malých vodních toků a jimi plněných ekosystémových funkcí v krajině
Aktuálny stav biotopov vodných tokov a okolitého prostredia. Funkcie ekosystémov.
Salvato in:
| Autore principale: | |
|---|---|
| Altri autori: | , |
| Natura: | Capitolo di libro |
| Lingua: | ceco |
| Soggetti: | |
| Tags: |
Nessun Tag, puoi essere il primo ad aggiungerne!!
|
MARC
| LEADER | 00000naa a2200000 4500 | ||
|---|---|---|---|
| 001 | 0288383 | ||
| 005 | 20240417075217.3 | ||
| 041 | 0 | |a cze | |
| 044 | |a CZ | ||
| 245 | 1 | 0 | |a Hodnocení příbřežních biotopů malých vodních toků a jimi plněných ekosystémových funkcí v krajině |c Jiří Jakubínský, Pavel Cudlín, Lenka Štěrbová |
| 520 | |a Aktuálny stav biotopov vodných tokov a okolitého prostredia. Funkcie ekosystémov. | ||
| 610 | 2 | 0 | |a rieky |
| 610 | 2 | 0 | |a populácia |
| 610 | 2 | 0 | |a ekosystémy |
| 610 | 2 | 0 | |a služby |
| 610 | 2 | 0 | |a prostredie životné |
| 610 | 2 | 0 | |a voda |
| 100 | 1 | |a Jakubínský, Jiří | |
| 700 | 1 | |a Cudlín, Pavel | |
| 700 | 1 | |a Štěrbová, Lenka | |